000 01224cam a2200229 4500
001 L135919
008 061218n2006 000 0 eng u
035 _a(Sirsi) u135919
041 0 _aeng
110 1 _aUnited Kingdom
_kLaws, etc
_95044
245 0 0 _aHousing (Management Orders and Empty Dwelling Management Orders) (Supplemental Provisions) (Wales) Regulations 2006
260 _aLondon
_bTSO
_c2006
490 _aWelsh Statutory Instrument
_b2006
_c2822
520 _aThese Regulations make supplementary provisions where the local housing authority is to be treated as the lessee under a lease of premises that are subject to an interim or final management order made under Chapter 1 of Part 4 of the Housing Act 2004 ("the Act") or an interim or final empty dwelling management order ("EDMO") made under Chapter 2 of Part 4 of the Act.
590 _aKA
650 2 4 _aHOUSING ACT 2004 PART IV
650 2 4 _aEMPTY DWELLING MANAGEMENT ORDERS
651 4 _aWales
_y1998-2007
690 _aPROPERTY-RESIDENTIAL PROPERTY-RESIDENTIAL PROPERTY MANAGEMENT
856 4 0 _uhttps://www.opsi.gov.uk/legislation/wales/wsi2006/20062822e.htm
_zView this Statutory Instrument free of charge at www.opsi.gov.uk...
942 _n0
999 _c106242
_d106242